00779nam a22002057a 4500999001900000005001700019010001500036020002700051035001400078037001300092082001200105100001500117245007000132260004400202270007700246300002500323500005000348942002600398952014900424 c173727d17372720200305170710.0 aENG-128005 a9789353286958c1295.00 aEN-111537 bDBAD/PUB a305.697 aZfar Iqbal aIslamophobia:cby Zfar Iqbalbhistory Context and deconstruction/ aNew DelhibSage Publication Indiac2020 aB1/1-1 Mohan Cooperative Industrial Area Mathura RoadbNew Delhie110044 axiii;316p.c22cm(hb) aincludes bibliographical references and index 2ddccENh305.697mZAF 001040708NFICaLbLd2020-03-05eDBAD/PUBg1295.00l4m1o305.697 ZAFpEN-111537r2022-01-17 00:00:00s2022-01-06t1v1295.00w2020-03-05yEN